Obras completas Eladio Rodríguez Otero (Registro nro. 172259)

Detalles MARC
000 -LEADER
campo de control de longitud fija 00574nam a22001455i 4500
001 - NÚMERO DE CONTROL
campo de control 172259
003 - IDENTIFICADOR DE NÚMERO DE CONTROL
campo de control ES-MaACL
005 - FECHA Y HORA DE LA ÚLTIMA TRANSACCIÓN
campo de control 20230906214844.0
008 - DATOS DE LONGITUD FIJA--INFORMACIÓN GENERAL
campo de control de longitud fija 090622s2008 pr |||| | spa d
245 00 - MENCIÓN DEL TÍTULO
Título Obras completas Eladio Rodríguez Otero
Resto del título : memorias de la presentación de las obras completas, Teatro de la Universidad, Central de Bayamón, 1 de julio de 2008.
260 ## - PUBLICACIÓN, DISTRIBUCIÓN, ETC.
Lugar de publicación, distribución, etc. San Juan, Puerto Rico :
Nombre del editor, distribuidor, etc. Sucesores de Eladio Rodríguez,
Fecha de publicación, distribución, etc. [2008]
300 ## - DESCRIPCIÓN FÍSICA
Extensión 49 p. :
Otras características físicas il. ;
Dimensiones 23 cm +
Material acompañante/anejo 1 DVD.
600 14 - PUNTO DE ACCESO ADICIONAL DE MATERIA--NOMBRE DE PERSONA
Nombre de persona Rodríguez Otero, Eladio.
9 (RLIN) 140806
852 4# - LOCALIZACIÓN
Ubicación BA
Número de control de estantería 2251-F-1
Existencias
Estatus retirado Estado de pérdida Estado de daño No para préstamo Colección Biblioteca de origen Biblioteca actual Ubicación en estantería Fecha de adquisición Fuente de adquisición Total de préstamos Signatura topográfica completa Código de barras Visto por última vez Precio de reemplazo Tipo de ítem Koha
        Colección de folletos Biblioteca del Ateneo de Madrid Biblioteca del Ateneo de Madrid Depósito folletos 22/06/2009     2251-F-1 1180774 23/02/2023 23/02/2023 Folleto